American historical fiction / (Record no. 134683)

MARC details
000 -LEADER
fixed length control field 00679nam a22002297a 4500
005 - DATE AND TIME OF LATEST TRANSACTION
control field 20170124110232.0
010 ## - LIBRARY OF CONGRESS CONTROL NUMBER
LC control number 356026
020 ## - INTERNATIONAL STANDARD BOOK NUMBER
Terms of availability 00.00
035 ## - SYSTEM CONTROL NUMBER
System control number 356026
037 ## - SOURCE OF ACQUISITION
Source of stock number/acquisition Cen Lib/Ret
040 ## - CATALOGING SOURCE
Original cataloging agency DPL
Language of cataloging EN
082 ## - DEWEY DECIMAL CLASSIFICATION NUMBER
Classification number 016.883
Item number DIC
100 ## - MAIN ENTRY--PERSONAL NAME
Personal name Dickinson, A.T.
9 (RLIN) 41397
245 ## - TITLE STATEMENT
Title American historical fiction /
Statement of responsibility, etc by A.T. Dickinson
260 ## - PUBLICATION, DISTRIBUTION, ETC. (IMPRINT)
Place of publication, distribution, etc New York
Name of publisher, distributor, etc The Scarecrow Press
Date of publication, distribution, etc 1963
270 ## - ADDRESS
City New York
300 ## - PHYSICAL DESCRIPTION
Extent 364p.
Dimensions 21cm(Hb)
500 ## - GENERAL NOTE
General note Includes index
650 ## - SUBJECT ADDED ENTRY--TOPICAL TERM
Topical term or geographic name as entry element Historical fiction, American -- Bibliography
9 (RLIN) 41398
650 ## - SUBJECT ADDED ENTRY--TOPICAL TERM
Topical term or geographic name as entry element United States -- In literature -- Bibliography
9 (RLIN) 41399
942 ## - ADDED ENTRY ELEMENTS (KOHA)
Source of classification or shelving scheme Dewey Decimal Classification
Koha item type English Books
Classification part 016.883
Call number suffix DIC
Holdings
Withdrawn status Lost status Damaged status Not for loan Collection code Home library Current library Date acquired Source of acquisition Cost, normal purchase price Total Checkouts Full call number Barcode Date last seen Copy number Cost, replacement price Price effective from Koha item type
      Not For Loan Reference Central Library Central Library 30/07/2015 Cen Lib/Ret 0.00   016.883 DIC 356026 30/07/2015 1 0.00 30/07/2015 English Books

© Delhi Public Library
Hit Counter
free hit counter